[Event "Najdorf Memorial"]
[Site "Warsaw POL"]
[Date "2024.07.14"]
[Round "6.38"]
[White "Orzechowski, Jacek"]
[Black "Dmochowska, Agnieszka"]
[Result "1-0"]
[WhiteElo "2072"]
[BlackElo "2013"]

1. Nf3 Nf6 2. c4 e6 3. g3 b6 4. Bg2 Bb7 5. O-O Be7 6. Nc3 O-O 7. Re1 d5 8.
cxd5 exd5 9. d4 Re8 10. Ne5 Nbd7 11. Qa4 Nf8 12. Nc6 Qd7 13. Nxe7+ Rxe7 14.
Qxd7 N8xd7 15. Bf4 c6 16. Bh3 h6 17. b4 Ree8 18. b5 c5 19. Red1 c4 20. a4
a5 21. Rac1 g5 22. Bd6 Kg7 23. Bf5 Ra7 24. Re1 Bc8 25. e4 dxe4 26. Nxe4 Bb7
27. Nxf6 Nxf6 28. Be5 Bd5 29. Bxf6+ Kxf6 30. Rxe8 1-0

[Event "Najdorf Memorial"]
[Site "Warsaw POL"]
[Date "2024.07.14"]
[Round "6.39"]
[White "Zareba, Piotr"]
[Black "Majocha, Piotr"]
[Result "1/2-1/2"]
[WhiteElo "2003"]
[BlackElo "2066"]

1. e4 c5 2. Nf3 Nc6 3. d4 cxd4 4. Nxd4 g6 5. Nc3 Bg7 6. Be3 Nf6 7. Nb3 O-O
8. Qd2 a6 9. f3 b5 10. O-O-O b4 11. Nd5 Rb8 12. Bh6 Nxd5 13. exd5 Ne5 14.
h4 Bxh6 15. Qxh6 f6 16. Qe3 Qb6 17. Nd4 Rf7 18. Be2 d6 19. h5 g5 20. g3 h6
21. f4 Ng4 22. Bxg4 Bxg4 23. Rdf1 Rc8 24. fxg5 hxg5 25. Qe4 Bd7 26. h6 Kh8
27. Ne6 Bxe6 28. dxe6 Rh7 29. Kb1 Qc6 30. Qxb4 Qxc2+ 31. Ka1 Kg8 32. Qa5
Rxh6 33. a3 Rxh1 34. Rxh1 Qc6 35. Qe1 Kg7 36. Qd1 Qc2 37. Qh5 Qg6 38. Qe2
a5 39. Qd2 a4 40. Qb4 Qc2 41. Qb7 Rc7 42. Qb8 Rc8 43. Qb7 Rc7 44. Qb8 Rc8
45. Qb7 Rc7 1/2-1/2

[Event "Najdorf Memorial"]
[Site "Warsaw POL"]
[Date "2024.07.14"]
[Round "6.40"]
[White "Swara Lakshmi S Nair"]
[Black "Kulpa, Zuzanna"]
[Result "1-0"]
[WhiteElo "2049"]
[BlackElo "1954"]

1. e4 c5 2. Nf3 d6 3. d4 cxd4 4. Nxd4 Nf6 5. Nc3 a6 6. Rg1 e5 7. Nb3 Be6 8.
g4 d5 9. exd5 Nxd5 10. Nxd5 Qxd5 11. Qxd5 Bxd5 12. Be3 Nc6 13. c3 O-O-O 14.
Nd2 Be7 15. Bc4 Bxc4 16. Nxc4 b5 17. Nd2 Kb7 18. Ke2 Rd5 19. b4 Rhd8 20. a4
Rd3 21. axb5 axb5 22. Ne4 h5 23. Bc5 Rh3 24. Bxe7 Nxe7 25. Nc5+ Kb8 26. Ra3
Nd5 27. Rga1 Nxc3+ 28. Kf1 Rd4 29. Ra8+ Kc7 30. R1a7+ Kc6 31. Rc8+ Kd5 32.
Rd7+ Kc4 33. Ne6+ Kd3 34. Rxd4+ exd4 35. Nf4+ Kc2 36. Nxh3 d3 37. gxh5 d2
38. Rd8 d1=Q+ 39. Rxd1 Kxd1 40. Ng5 Nd5 41. Nxf7 Nxb4 42. Nd6 Nd5 43. Nxb5
Nf6 44. Kg2 Nxh5 45. Kf3 Ke1 46. Nc3 Nf6 47. h4 Kf1 48. Ne2 Ne8 49. Ng3+
Kg1 50. Ne4 Kh2 51. Kg4 Kg2 52. f4 Nc7 53. f5 Nd5 54. h5 Kh2 55. Nc5 Ne3+
56. Kg5 Kg3 57. Ne6 Kf3 58. Nxg7 1-0

[Event "Najdorf Memorial"]
[Site "Warsaw POL"]
[Date "2024.07.14"]
[Round "6.41"]
[White "Wojtaszewski, Piotr"]
[Black "Krasiewicz, Robert"]
[Result "1-0"]
[WhiteElo "2028"]
[BlackElo "2004"]

1. d4 g6 2. e4 Bg7 3. Nc3 d6 4. Be3 a6 5. Qd2 b5 6. f3 Bb7 7. O-O-O Nd7 8.
h4 h5 9. Nh3 Rc8 10. Ng5 c5 11. dxc5 Nxc5 12. Bd4 Nf6 13. Nd5 Bxd5 14. exd5
O-O 15. Kb1 Rc7 16. g4 Qa8 17. gxh5 Nxh5 18. Bxg7 Kxg7 19. Bd3 Qxd5 20. Qa5
Qc6 21. Qc3+ e5 22. Rhg1 Nxd3 23. Qxd3 Nf4 24. Qxd6 Qxc2+ 25. Ka1 Qc5 26.
Qd2 Rfc8 27. a3 a5 28. Ne4 Qb6 29. Nd6 Rh8 30. Qe1 Qc5 31. Ne4 Qe7 32. Nd6
Kf6 33. Qxa5 Ne2 34. Rge1 Nf4 35. Qxb5 Qe6 36. Ne4+ Kg7 37. Ng5 Qf6 38. Ne4
Qe7 39. Nd6 f6 40. Qb6 Rd7 41. Rg1 Kh7 42. Ne4 Rxd1+ 43. Rxd1 Rf8 44. Qc6
Rf7 45. Qc8 Ne6 46. Rd7 Qxd7 47. Qxd7 Rxd7 48. Nxf6+ 1-0

[Event "Najdorf Memorial"]
[Site "Warsaw POL"]
[Date "2024.07.14"]
[Round "6.42"]
[White "Ishvi Aggarwal"]
[Black "Dobosiewicz, Dawid"]
[Result "1-0"]
[WhiteElo "1958"]
[BlackElo "2028"]

1. d4 Nf6 2. Bf4 g6 3. e3 Bg7 4. Nf3 d6 5. h3 O-O 6. Be2 Nfd7 7. O-O e5 8.
Bh2 e4 9. Nfd2 f5 10. c4 Nf6 11. Nc3 Qe7 12. b4 g5 13. c5 Bh6 14. Rc1 f4
15. cxd6 cxd6 16. Bc4+ Be6 17. Qb3 Bxc4 18. Qxc4+ Kh8 19. Nd5 Nxd5 20. Qxd5
Nc6 21. b5 Nb4 22. Qxe4 Qf7 23. exf4 gxf4 24. a3 Nd5 25. Nc4 Rad8 26. Rfe1
Bg7 27. Nd2 Rc8 28. Nf3 Nc3 29. Qd3 Qc4 30. Qxc4 Rxc4 31. Kf1 d5 32. Ne5
Bxe5 33. Rxe5 Rfc8 34. Bxf4 Rxd4 35. Rxc3 Rxc3 36. Re8+ Kg7 37. Be5+ Kf7
38. Bxd4 Rc4 39. Rb8 Rxd4 40. Rxb7+ Ke6 41. Rxa7 Rd2 42. a4 Ke5 43. Ke1 Rb2
44. Rxh7 Kd4 45. Rd7 Ke4 46. Re7+ Kd3 47. Re3+ Kc4 48. Ra3 d4 49. Ra1 d3
50. a5 Kc3 51. a6 Re2+ 52. Kf1 Re8 53. a7 d2 54. b6 Kc2 55. b7 d1=Q+ 56.
Rxd1 Kxd1 57. Kg1 1-0

[Event "Najdorf Memorial"]
[Site "Warsaw POL"]
[Date "2024.07.14"]
[Round "6.43"]
[White "Borowy, Cezary"]
[Black "Alvarado, Carlos"]
[Result "0-1"]
[WhiteElo "1993"]
[BlackElo "2108"]

1. Nf3 Nf6 2. d4 e6 3. Bf4 b6 4. e3 Bb7 5. c4 Bb4+ 6. Nbd2 Ne4 7. a3 Be7 8.
Nxe4 Bxe4 9. Bd3 Bxd3 10. Qxd3 a5 11. e4 d6 12. O-O a4 13. Rad1 Nd7 14. e5
O-O 15. Qe4 b5 16. d5 Nc5 17. Qc2 bxc4 18. Qxc4 exd5 19. Qxd5 Ne6 20. Bg3
dxe5 21. Qxe5 Qb8 22. Qc3 Ra6 23. Ne5 Qb5 24. Rfe1 Rb8 25. Qf3 Qe8 26. Qe2
Rd6 27. Nc4 Rxd1 28. Rxd1 Bf6 29. Be5 Nf8 30. Re1 Bxe5 31. Qxe5 Qc6 32. Qe4
Qb5 33. h3 h6 34. Re3 Ne6 35. Ne5 Qxb2 36. Qxa4 Qb1+ 37. Kh2 Qf5 38. Nc6
Re8 39. Qe4 Qxf2 40. a4 g6 41. a5 Ng7 42. Rf3 Qc5 43. Qa4 Re1 44. Qa2 Qd6+
45. g3 Qxc6 0-1

[Event "Najdorf Memorial"]
[Site "Warsaw POL"]
[Date "2024.07.14"]
[Round "6.44"]
[White "Sidorczuk, Pawel"]
[Black "Lasota, Adam"]
[Result "1-0"]
[WhiteElo "2096"]
[BlackElo "1968"]

1. Nf3 b6 2. g3 Bb7 3. Bg2 Nf6 4. O-O e6 5. d3 Be7 6. c4 O-O 7. b3 c5 8.
Bb2 d5 9. e3 Nc6 10. Qe2 Qc7 11. Rd1 Rad8 12. Nc3 Rfe8 13. Rac1 Qb8 14.
cxd5 Nxd5 15. Nxd5 Rxd5 16. Nd2 Rd7 17. Qg4 Ne5 18. Bxe5 Qxe5 19. Bxb7 Rxb7
20. Nc4 Qb8 21. d4 cxd4 22. Rxd4 Bc5 23. Rd2 Bb4 24. Rd3 b5 25. Ne5 Ba3 26.
Nc6 Qa8 27. Rcd1 Be7 28. Nxe7+ Rbxe7 29. Qb4 Rb7 30. Qa5 h6 31. Rd8 Rb8 32.
Rxe8+ Rxe8 33. Qxb5 Rd8 34. Rxd8+ Qxd8 35. b4 g5 36. h3 h5 37. Kg2 Qa8+ 38.
Kh2 f5 39. Qd7 Qf3 40. Qxe6+ Kg7 41. Qd7+ Kg6 42. Kg1 Qe4 43. Qd6+ Kh7 44.
a4 Qb1+ 45. Kg2 Qe4+ 46. Kh2 Qc2 47. Qd7+ Kg6 48. Qe6+ Kg7 49. Kg2 g4 50.
hxg4 hxg4 51. Qe7+ Kg6 52. Qxa7 Qe4+ 53. Kh2 Qxb4 54. Qd4 Qb1 55. Qd6+ Kg5
56. Qf4+ Kg6 57. a5 Qa2 58. Qd6+ Kh5 59. Qf4 Qxa5 60. e4 fxe4 61. Qxe4 Qb5
62. Qh7+ Kg5 63. Qh4+ Kg6 64. Qxg4+ Kh6 65. f4 Qf1 66. Qh3+ 1-0

[Event "Najdorf Memorial"]
[Site "Warsaw POL"]
[Date "2024.07.14"]
[Round "6.45"]
[White "Maack, Kjartan"]
[Black "Rzeszowski, Dominik"]
[Result "0-1"]
[WhiteElo "2066"]
[BlackElo "1961"]

1. c4 e5 2. Nc3 Nf6 3. g3 d5 4. cxd5 Nxd5 5. Bg2 Nb6 6. e3 Nc6 7. Nge2 Be7
8. O-O O-O 9. f4 Re8 10. fxe5 Nxe5 11. d4 Nec4 12. b3 Nd6 13. e4 Bg5 14.
Bf4 Qe7 15. Qd2 Bxf4 16. gxf4 c6 17. Ng3 f5 18. e5 Nf7 19. a4 a5 20. d5
Nxd5 21. Nxd5 cxd5 22. Qxd5 Be6 23. Qb5 Kh8 24. Rac1 Rg8 25. Qxb7 Qxb7 26.
Bxb7 Rab8 27. Rc7 g5 28. Nxf5 gxf4+ 29. Kf2 Nxe5 30. Nd4 Bh3 31. Rb1 Rxb7
32. Rxb7 Rg2+ 33. Ke1 Nd3+ 0-1

[Event "Najdorf Memorial"]
[Site "Warsaw POL"]
[Date "2024.07.14"]
[Round "6.46"]
[White "Celinski, Kamil"]
[Black "Charvi A"]
[Result "1-0"]
[WhiteElo "2022"]
[BlackElo "1960"]

1. c4 Nf6 2. g3 g6 3. Bg2 d5 4. cxd5 Nxd5 5. Qb3 c6 6. Nc3 Nb6 7. Nf3 Bg7
8. O-O O-O 9. d4 Na6 10. Rd1 Be6 11. Qc2 Nb4 12. Qb1 N4d5 13. e4 Nxc3 14.
bxc3 h6 15. a4 a5 16. h3 Bc4 17. Nd2 Qc7 18. Nxc4 Nxc4 19. Qb3 b5 20. e5
Rad8 21. axb5 cxb5 22. Qxb5 Nxe5 23. Qxa5 Qc8 24. Qb4 e6 25. Bf4 Nc4 26.
Ra8 Qd7 27. Rxd8 Rxd8 28. Qxc4 e5 29. Be3 e4 30. Bxe4 Kh7 31. Bg2 Rc8 32.
Qd5 Qa4 33. Rc1 Qa7 34. Qb7 Qxb7 35. Bxb7 Rc7 36. Bd5 f5 37. c4 g5 38. Be6
f4 39. gxf4 gxf4 40. Bxf4 Ra7 41. d5 Bd4 42. d6 Ra2 43. Be3 Bxe3 44. fxe3
Rd2 45. d7 Rd6 46. Bf5+ Kg7 47. c5 Rd5 48. c6 h5 49. c7 Rxf5 50. d8=Q Rf3
51. Qg5+ Kh7 52. Qxh5+ Kg7 53. Qxf3 Kh7 54. c8=Q Kg7 55. Qcf8+ Kh7 56.
Q3f5# 1-0

[Event "Najdorf Memorial"]
[Site "Warsaw POL"]
[Date "2024.07.14"]
[Round "6.47"]
[White "Hury, Tymoteusz"]
[Black "Siennicki, Gustaw"]
[Result "1-0"]
[WhiteElo "1954"]
[BlackElo "2012"]

1. e4 c6 2. d4 d5 3. e5 Bf5 4. Nf3 e6 5. Be2 c5 6. Be3 cxd4 7. Nxd4 Ne7 8.
c4 dxc4 9. Nd2 Nbc6 10. Nxc4 Nd5 11. Nxf5 exf5 12. O-O Nxe3 13. Nxe3 Qxd1
14. Rfxd1 Bc5 15. Nxf5 O-O 16. Bb5 Nd8 17. Rd7 g6 18. Ng3 a6 19. Bc4 Rc8
20. Bb3 Nc6 21. Re1 Na5 22. Bd5 Rcd8 23. Bxf7+ Kg7 24. Rxd8 Rxd8 25. e6 Nc6
26. Ne4 Bb4 27. Rc1 Nd4 28. Kf1 Nc6 29. a3 Ba5 30. Nc5 Bd2 31. Rc2 Rd5 32.
Nxb7 Ne5 33. Nc5 a5 34. Be8 Bg5 35. g3 Nf3 36. Bc6 Nd2+ 37. Ke2 Rd6 38. Bg2
Nb1 39. f4 Be7 40. Nd3 Rxe6+ 41. Kd1 Re3 42. Bf1 Nxa3 43. bxa3 Bxa3 44. Kd2
1-0

[Event "Najdorf Memorial"]
[Site "Warsaw POL"]
[Date "2024.07.14"]
[Round "6.48"]
[White "Pancewicz, Szymon"]
[Black "Wadelek, Karol"]
[Result "1/2-1/2"]
[WhiteElo "2041"]
[BlackElo "1974"]

1. e4 c5 2. Nf3 d6 3. c3 Nf6 4. Be2 e6 5. O-O Be7 6. d3 O-O 7. h3 b6 8. Be3
Bb7 9. Nbd2 Nbd7 10. a4 a6 11. Qb1 Rc8 12. d4 cxd4 13. cxd4 Qc7 14. Bd3 Qb8
15. Bg5 h6 16. Bh4 g5 17. Bg3 Nh5 18. Bh2 Nf4 19. Re1 Qc7 20. Bxf4 gxf4 21.
Qd1 e5 22. Nh2 Bf6 23. Qh5 Bg5 24. Ng4 Kg7 25. Nf3 Nf6 26. Nxf6 Bxf6 27.
Nh2 Qe7 28. Ng4 Rh8 29. Rac1 Rxc1 30. Rxc1 Bg5 31. dxe5 dxe5 32. f3 Rc8 33.
Rxc8 Bxc8 34. h4 Bxh4 35. Qxe5+ Qxe5 36. Nxe5 Bf6 37. Nc4 Bd4+ 38. Kf1 Be6
39. b3 Kf6 40. Ke2 Ke7 41. Nd2 Bc3 42. Nc4 Bd4 43. Nd2 Bc8 44. Bc4 f6 45.
Bd5 Kd6 46. Kd3 Bf2 47. Nc4+ Kc5 48. a5 bxa5 49. Nxa5 Be1 50. Nc6 Bd7 51.
Nd4 Bg3 52. Bc4 a5 53. Ne2 h5 54. Nc3 Kd6 55. Nd5 Ke5 56. Nb6 Be8 57. Bg8
Bb5+ 58. Bc4 Be8 59. Bd5 Bb5+ 60. Bc4 Be8 61. Bg8 Bb5+ 62. Nc4+ Bxc4+ 63.
Kxc4 f5 64. Bh7 1/2-1/2

[Event "Najdorf Memorial"]
[Site "Warsaw POL"]
[Date "2024.07.14"]
[Round "6.49"]
[White "Delega, Tomasz"]
[Black "Van der Veen, Ronald"]
[Result "1-0"]
[WhiteElo "1973"]
[BlackElo "2003"]

1. e4 c6 2. d4 d5 3. e5 Bf5 4. Nd2 e6 5. Nb3 Nd7 6. Be3 Ne7 7. Nf3 h6 8. h3
Bh7 9. g4 Qc7 10. Bd3 Bxd3 11. Qxd3 Ng6 12. c3 a6 13. Qe2 c5 14. h4 cxd4
15. cxd4 Bb4+ 16. Kf1 h5 17. Rc1 Qd8 18. gxh5 Rxh5 19. Ng5 Rh8 20. Qf3 Rf8
21. Qg4 Qb6 22. h5 Ne7 23. h6 gxh6 24. Rxh6 Nf5 25. Rh3 Rg8 26. Qh5 Rg7 27.
Rf3 Ke7 28. a3 Qb5+ 29. Kg1 Bxa3 30. bxa3 Qxb3 31. Bd2 Qb2 32. Bb4+ Nc5 33.
Rxc5 Kd7 34. Rfc3 Ne7 35. Rc7+ Kd8 36. Bxe7+ Ke8 37. Qh8+ Rg8 38. Qxg8# 1-0

[Event "Najdorf Memorial"]
[Site "Warsaw POL"]
[Date "2024.07.14"]
[Round "6.50"]
[White "Harazinska, Magdalena"]
[Black "Polak, Michal"]
[Result "1-0"]
[WhiteElo "1969"]
[BlackElo "1997"]

1. d4 Nf6 2. c4 e6 3. Nc3 Bb4 4. e3 O-O 5. Ne2 d5 6. a3 Bxc3+ 7. Nxc3 Nbd7
8. cxd5 exd5 9. Bd3 c5 10. O-O b6 11. b4 a6 12. bxc5 bxc5 13. a4 Qc7 14.
Ba3 Qa5 15. Rc1 Bb7 16. dxc5 Rfc8 17. Bf5 Rc7 18. Qd4 Nxc5 19. Bb4 Qb6 20.
Nxd5 Bxd5 21. Bxc5 Qb7 22. f3 Re8 23. e4 Be6 24. Bxe6 Rxe6 25. a5 Rd7 26.
Qb4 Qa8 27. Rfd1 Qd8 28. Rxd7 Qxd7 29. Bb6 h6 30. Qc4 Qd2 31. Qc8+ Kh7 32.
Qc2 Rd6 33. Qxd2 Rxd2 34. Rc7 Kg6 35. Ra7 Nd7 36. Rxa6 Rd6 37. Kf2 Rd2+ 38.
Kg3 Rd6 39. h4 h5 40. Kf4 f6 41. g4 Ne5 42. Ra8 Rd3 43. gxh5+ Kxh5 44. Kf5
Rxf3+ 45. Ke6 Kxh4 46. a6 Rb3 47. Bf2+ Kg4 48. Rc8 Ra3 49. a7 Ra6+ 50. Ke7
Kf3 51. Bg1 Kxe4 52. a8=Q+ Rxa8 53. Rxa8 f5 54. Ke6 Nf3 55. Ra4+ Kd3 56.
Bb6 g6 57. Kf6 Nd2 58. Kxg6 Nc4 59. Bc7 Ne3 60. Bf4 1-0

[Event "Najdorf Memorial"]
[Site "Warsaw POL"]
[Date "2024.07.14"]
[Round "6.51"]
[White "Jurasz, Antoni"]
[Black "Matskevich, Varvara"]
[Result "0-1"]
[WhiteElo "1992"]
[BlackElo "1946"]

1. e4 c5 2. b4 cxb4 3. a3 e5 4. f4 exf4 5. Nf3 Be7 6. Bc4 Bh4+ 7. Kf1 Nh6
8. d4 Ng4 9. Bxf4 O-O 10. h3 Nf2 11. Qe1 Nxh1 12. Qxh4 Qxh4 13. Nxh4 g5 14.
Bxg5 Ng3+ 15. Kg1 Nxe4 16. Bh6 Re8 17. Nd2 Nc3 18. axb4 d5 19. Ra3 Re6 20.
Nf5 Nc6 21. Rxc3 dxc4 22. d5 Rg6 23. dxc6 Bxf5 24. cxb7 Rb8 25. Bf4 Rxb7
26. Rxc4 Bxh3 27. g3 Re6 28. Ne4 Rbe7 29. Nc3 Re1+ 30. Kh2 Bf5 31. g4 Bxc2
32. Bh6 Bb3 33. Rc5 R1e6 34. g5 Re5 35. Rc8+ Re8 36. Rc7 R5e7 37. Rc5 Re6
38. Rc7 a6 39. Kg3 f6 40. Kg4 fxg5 41. Bxg5 Rg6 42. Kh4 Re1 0-1

[Event "Najdorf Memorial"]
[Site "Warsaw POL"]
[Date "2024.07.14"]
[Round "6.52"]
[White "Wieckowski, Michal"]
[Black "Sypien, Natan"]
[Result "0-1"]
[WhiteElo "1964"]
[BlackElo "1985"]

1. e4 e5 2. Nf3 Nc6 3. Bb5 a6 4. Ba4 Nf6 5. O-O Be7 6. Re1 b5 7. Bb3 O-O 8.
a4 Bb7 9. d3 d6 10. Nbd2 Nd7 11. c3 Nc5 12. Bc2 Nxa4 13. Bxa4 bxa4 14. Rxa4
Kh8 15. Nc4 f5 16. Ne3 f4 17. Nd5 g5 18. h3 Bc8 19. Nh2 Bf6 20. b4 Rb8 21.
Bd2 Bg7 22. Qh5 h6 23. h4 gxh4 24. Nf3 Ne7 25. Nxh4 Nxd5 26. exd5 Kh7 27.
Qg6+ Kg8 28. g3 Qg5 29. Qxg5 hxg5 30. Nf3 fxg3 31. Kg2 g4 32. Ng5 Rxf2+ 0-1

[Event "Najdorf Memorial"]
[Site "Warsaw POL"]
[Date "2024.07.14"]
[Round "6.53"]
[White "Bednarska-Bzdega, Malgorzata"]
[Black "Bar, Klaudia"]
[Result "1/2-1/2"]
[WhiteElo "1956"]
[BlackElo "1982"]

1. e4 c5 2. Nf3 Nc6 3. d4 cxd4 4. Nxd4 e5 5. Nb5 d6 6. N1c3 a6 7. Na3 Be6
8. Nc4 Rb8 9. Ne3 Nf6 10. g3 h5 11. h4 g6 12. Bg2 Bg7 13. Ncd5 Bxd5 14.
Nxd5 Nxd5 15. Qxd5 Nd4 16. O-O Nxc2 17. Rb1 O-O 18. Bd2 Qd7 19. Kh2 Qe6 20.
Qd3 Nd4 21. b3 Rbc8 22. Rbc1 Kh7 23. Be3 Rxc1 24. Rxc1 Rc8 25. Rxc8 Qxc8
26. Bxd4 exd4 27. Bf1 Qc3 28. Kg2 Bf6 29. Qc4 Qxc4 30. Bxc4 Kg7 31. Kf3 Bd8
32. a4 Kf6 33. Ke2 Ba5 34. Bd5 b5 35. Bb7 bxa4 36. bxa4 g5 37. hxg5+ Kxg5
38. Bxa6 h4 39. gxh4+ Kxh4 40. Bc4 f6 41. Kd3 Bb6 42. f4 Kg4 43. f5 Kf4 44.
Ba2 Ke5 45. Bb3 1/2-1/2

[Event "Najdorf Memorial"]
[Site "Warsaw POL"]
[Date "2024.07.15"]
[Round "7.1"]
[White "Sengupta, Deep"]
[Black "Kazakouski, Valery"]
[Result "1-0"]
[WhiteElo "2491"]
[BlackElo "2603"]

1. e4 c5 2. Nf3 d6 3. d4 cxd4 4. Nxd4 Nf6 5. Nc3 a6 6. Be3 e5 7. Nb3 Be6 8.
f3 h5 9. Qd2 Nbd7 10. O-O-O Be7 11. Kb1 Qc7 12. h4 b5 13. Nd5 Bxd5 14. exd5
Nb6 15. Bxb6 Qxb6 16. Na5 O-O 17. Nc6 Rfe8 18. Bd3 Rac8 19. Be4 g6 20. g4
Rxc6 21. dxc6 d5 22. Bxd5 hxg4 23. fxg4 e4 24. Qg5 Nxd5 25. Qxd5 e3 26.
Rdf1 1-0

[Event "Najdorf Memorial"]
[Site "Warsaw POL"]
[Date "2024.07.15"]
[Round "7.2"]
[White "Rozentalis, Eduardas"]
[Black "Markowski, Tomasz"]
[Result "1-0"]
[WhiteElo "2480"]
[BlackElo "2503"]

1. e4 c5 2. Nf3 d6 3. Bb5+ Nd7 4. d4 cxd4 5. Qxd4 a6 6. Bxd7+ Bxd7 7. c4
Nf6 8. Bg5 e6 9. O-O Be7 10. Nc3 Qc7 11. Rad1 Rd8 12. Rfe1 O-O 13. Qd3 h6
14. Bf4 e5 15. Bd2 b5 16. cxb5 axb5 17. Nxb5 Qb8 18. a4 d5 19. exd5 e4 20.
Qc2 Bxb5 21. axb5 Bd6 22. Nd4 Bxh2+ 23. Kh1 Ng4 24. Be3 Rde8 25. Nc6 Qd6
26. g3 Qg6 27. Kg2 f5 28. d6 Qh5 29. Rh1 f4 30. Bxf4 g5 31. Ne7+ Kg7 32.
Rd5 Nf6 33. Qc3 Qf3+ 34. Qxf3 exf3+ 35. Kxh2 Nxd5 36. Nxd5 gxf4 37. Nxf4
Re5 38. Rc1 Rd8 39. Rc7+ Kg8 40. b6 1-0

[Event "Najdorf Memorial"]
[Site "Warsaw POL"]
[Date "2024.07.15"]
[Round "7.3"]
[White "Mulawa, Cyprian"]
[Black "Krasenkow, Michal"]
[Result "0-1"]
[WhiteElo "2302"]
[BlackElo "2520"]

1. e4 g6 2. d4 Bg7 3. Nc3 c6 4. f4 d5 5. e5 Qb6 6. Be2 Nh6 7. g4 f6 8. h3
Na6 9. Nf3 Nf7 10. a3 O-O 11. Qd3 g5 12. exf6 exf6 13. fxg5 fxg5 14. h4
gxh4 15. Rxh4 h6 16. Qg6 Qc7 17. Be3 Qg3+ 18. Bf2 Qd6 19. Qd3 Nc7 20. O-O-O
Ne6 21. Be3 Nf4 22. Bxf4 Qxf4+ 23. Kb1 Ng5 24. Nxg5 Qxg5 25. Rh5 Qf4 26.
Qg6 Bd7 27. Bd3 Rf6 28. Qh7+ Kf7 29. Re1 Qxg4 30. Rxd5 cxd5 31. Nxd5 Re8
32. Rxe8 Bxe8 33. Bc4 Re6 34. Nc7 Bd7 35. Nxe6 Bxe6 0-1

[Event "Najdorf Memorial"]
[Site "Warsaw POL"]
[Date "2024.07.15"]
[Round "7.4"]
[White "Pujari, Rucha"]
[Black "Jarmula, Lukasz"]
[Result "0-1"]
[WhiteElo "2173"]
[BlackElo "2432"]

1. d4 d6 2. Nf3 g6 3. g3 Bg7 4. Bg2 c5 5. d5 b5 6. O-O Nf6 7. a4 b4 8. c4
O-O 9. Re1 Nbd7 10. e4 Rb8 11. h3 Re8 12. Ra2 e6 13. dxe6 Rxe6 14. Ng5 Re8
15. Qxd6 Bb7 16. b3 h6 17. Nf3 Bxe4 18. Be3 Bxf3 19. Bxf3 Ne5 20. Qd1 Nxf3+
21. Qxf3 Ne4 22. Rae2 Qd3 23. Kg2 Qxb3 24. Bxc5 Qxf3+ 25. Kxf3 Ng5+ 26. Kg2
Rxe2 27. Rxe2 Ne6 28. Bxa7 Ra8 29. Bb6 Rxa4 30. Nd2 Ra2 31. Kf1 Bd4 32.
Bxd4 Nxd4 33. Re8+ Kg7 34. Ne4 Re2 35. Nd6 b3 36. Rb8 b2 37. c5 Nc6 38. Rb7
Rc2 39. Kg2 Ne5 40. Ne4 Nc4 41. Rb3 Na3 42. Nc3 Rxc3 43. Rxc3 b1=Q 44. Rxa3
Qe4+ 45. Kg1 Qb4 46. Re3 Qxc5 47. h4 f5 48. Kg2 Qd5+ 49. Kf1 f4 50. gxf4
Qh1+ 51. Ke2 Qxh4 52. Re4 Qg4+ 53. Ke3 h5 54. f3 Qg1+ 55. Ke2 Qg2+ 56. Ke3
h4 0-1

[Event "Najdorf Memorial"]
[Site "Warsaw POL"]
[Date "2024.07.15"]
[Round "7.5"]
[White "Mis, Mieszko"]
[Black "Sriram, Jha"]
[Result "1-0"]
[WhiteElo "2351"]
[BlackElo "2304"]

1. d4 d5 2. c4 c6 3. Nc3 Nf6 4. e3 a6 5. Nf3 b5 6. b3 Bg4 7. a4 bxc4 8.
bxc4 Nbd7 9. a5 e6 10. c5 e5 11. h3 Bh5 12. Be2 e4 13. Nd2 Bxe2 14. Qxe2 g6
15. Nb3 Bg7 16. Na4 O-O 17. Nb6 Ra7 18. Rb1 Ne8 19. Bd2 f5 20. g3 Nc7 21.
Na1 Nb5 22. Nc2 Nb8 23. h4 Raf7 24. Kf1 h6 25. Kg2 Bf6 26. Nb4 Qe8 27.
N6xd5 cxd5 28. Nxa6 Nxa6 29. Rxb5 Nc7 30. Rb6 Qa4 31. Rc1 Kg7 32. Bb4 Be7
33. Rc2 Na8 34. Rb5 Nc7 35. Rb6 Na8 36. Rb5 Nc7 37. Rb7 Qc6 38. Rb6 Qa4 39.
Ra2 Qd7 40. a6 Ra8 41. Ba5 Rf6 42. Rxf6 Kxf6 43. Bxc7 Qxc7 44. Qb5 Rb8 45.
Qa4 Kf7 46. a7 Ra8 47. Qa6 f4 48. exf4 e3 49. h5 gxh5 50. f5 Bf6 51. Qe6+
Kg7 52. Ra6 Qe7 53. Qxe7+ Bxe7 54. fxe3 h4 55. c6 h3+ 56. Kxh3 Bd6 57. Kg2
Bc7 58. Kf3 Kf6 59. g4 h5 60. gxh5 Kxf5 61. h6 Kg6 62.Kg4 1-0

[Event "Najdorf Memorial"]
[Site "Warsaw POL"]
[Date "2024.07.15"]
[Round "7.6"]
[White "Cukrowski, Filip"]
[Black "Wiech, Grzegorz"]
[Result "1-0"]
[WhiteElo "2403"]
[BlackElo "2106"]

1. d4 d6 2. e4 Nf6 3. Nc3 e5 4. Nf3 exd4 5. Nxd4 Nc6 6. h3 g6 7. Bg5 h6 8.
Bxf6 Qxf6 9. Ndb5 Kd8 10. Nxc7 Rb8 11. N7d5 Qd4 12. Qf3 Be6 13. Rd1 Qe5 14.
Qe3 g5 15. Bb5 Rc8 16. O-O Rg8 17. Rd3 h5 18. Bxc6 bxc6 19. Qxa7 cxd5 20.
Qb6+ Ke7 21. exd5 Rxc3 22. bxc3 Bxd5 23. Re3 Be4 24. Qc7+ Ke6 25. f3 d5 26.
Qc8+ Kf6 27. fxe4+ Kg7 28. Rf5 Qe7 29. Ref3 Qa7+ 30. Kh1 1-0

[Event "Najdorf Memorial"]
[Site "Warsaw POL"]
[Date "2024.07.15"]
[Round "7.7"]
[White "Dzida, Kamil"]
[Black "Dhananjay, S"]
[Result "1/2-1/2"]
[WhiteElo "2385"]
[BlackElo "2207"]

1. e4 c6 2. d4 d5 3. Nc3 dxe4 4. Nxe4 Nf6 5. Nxf6+ exf6 6. c3 Bd6 7. Bd3
O-O 8. Qc2 Re8+ 9. Ne2 h5 10. O-O h4 11. Nf4 Nd7 12. Qd1 Nf8 13. Qh5 Qc7
14. g3 Qd7 15. Bd2 Qg4 16. Qxg4 Bxg4 17. f3 Bd7 18. gxh4 Rad8 19. Rae1 Rxe1
20. Rxe1 Ne6 21. Ng2 g6 22. Kf2 Kg7 23. f4 Rh8 24. f5 Nf8 25. fxg6 Nxg6 26.
Rg1 c5 27. dxc5 Bxc5+ 28. Be3 Bxe3+ 29. Kxe3 f5 30. Be2 Kf6 31. h5 Ne5 32.
h3 Rg8 33. Kf2 Bc6 34. b4 Bxg2 35. Rxg2 Rc8 36. h6 Rxc3 37. Rg3 Rc8 38. Ra3
a6 39. Ra5 Rh8 40. b5 axb5 41. Rxb5 Rxh6 42. Bf1 Rh4 43. Rxb7 Rf4+ 44. Kg2
Ra4 45. Rb2 Kg5 46. Rc2 f4 47. Kf2 f6 48. Rb2 Ra3 49. Rc2 Kh4 50. Rb2 Nf7
51. Rb4 Rxa2+ 52. Kf3 Kg5 53. h4+ Kxh4 54. Kxf4 1/2-1/2

[Event "Najdorf Memorial"]
[Site "Warsaw POL"]
[Date "2024.07.15"]
[Round "7.8"]
[White "Zawadzka, Jolanta"]
[Black "Mirski, Stanislaw"]
[Result "1-0"]
[WhiteElo "2349"]
[BlackElo "2174"]

1. e4 c5 2. Nf3 e6 3. d4 cxd4 4. Nxd4 a6 5. Bd3 Nf6 6. O-O Qc7 7. Qe2 d6 8.
c4 Nc6 9. Nxc6 bxc6 10. Nc3 Be7 11. Be3 c5 12. f4 Bb7 13. Rae1 O-O 14. Bc1
e5 15. fxe5 dxe5 16. Nd5 Nxd5 17. exd5 Bd6 18. Qg4 f6 19. Qh4 g5 20. Qh6
Qe7 21. h4 gxh4 22. Re4 Bc8 23. Rxh4 Ra7 24. Rf3 Rf7 25. Qh5 Kh8 26. Bg6
Rg7 27. Bf5 Bxf5 28. Qxf5 Rf7 29. Rh6 e4 30. Re3 Be5 31. Rxe4 Ra8 32. Kh1
Rg8 33. Bf4 Qf8 34. Rxe5 Rg6 35. Qxg6 1-0

[Event "Najdorf Memorial"]
[Site "Warsaw POL"]
[Date "2024.07.15"]
[Round "7.9"]
[White "Kokoszczynski, Jan"]
[Black "Rozycki, Bartlomiej"]
[Result "1/2-1/2"]
[WhiteElo "2314"]
[BlackElo "2099"]

1. d4 Nf6 2. c4 e6 3. Nc3 d5 4. cxd5 exd5 5. Bg5 Be6 6. e3 Nbd7 7. Bd3 h6
8. Bf4 c6 9. h3 Nb6 10. Nf3 Bd6 11. Bxd6 Qxd6 12. Qc2 Nfd7 13. O-O-O O-O-O
14. Kb1 Kb8 15. Rc1 Rc8 16. Na4 Qb4 17. Nxb6 Nxb6 18. Qc5 Qxc5 19. dxc5 Nd7
20. Nd4 Rce8 21. Rc3 h5 22. h4 Ne5 23. Kc1 Nxd3+ 24. Rxd3 Rh6 25. Kd2 Rg6
26. Rh2 Rf6 27. Ke2 Rg8 28. f3 Bf5 29. Rc3 Bb1 30. a3 Kc7 31. Rh1 Bf5 32.
b4 Bd7 33. a4 a6 34. Kf2 Rh6 35. Rhc1 g5 36. hxg5 Rxg5 37. Rh1 h4 38. Rh2
a5 39. bxa5 Rg8 40. a6 Ra8 41. a5 Rxa6 42. Ra3 Ra8 43. Ra4 Rg8 44. Ne2 Ra8
45. Nd4 Rg8 46. Ra1 Ra8 47. Ra2 Rg8 48. Ra4 Ra8 49. Nb3 Bf5 50. Rf4 Bg6 51.
Ke2 Rah8 52. Kd2 Rh5 53. Ke2 R5h7 54. Kd2 Rh5 55. Ra4 h3 56. Rxh3 Rxh3 57.
gxh3 Rxh3 58. Nd4 Rh2+ 59. Kc3 Rh1 60. Kd2 Rh2+ 1/2-1/2

[Event "Najdorf Memorial"]
[Site "Warsaw POL"]
[Date "2024.07.15"]
[Round "7.10"]
[White "Rzewucki, Jan"]
[Black "Deszczynski, Adam"]
[Result "0-1"]
[WhiteElo "1960"]
[BlackElo "2305"]

1. e4 c5 2. b3 Nc6 3. Bb2 e6 4. Nf3 d6 5. Nc3 Nf6 6. d4 cxd4 7. Nxd4 Be7 8.
Nxc6 bxc6 9. Bd3 e5 10. Qe2 O-O 11. O-O-O Be6 12. Kb1 Qb6 13. f3 Rfd8 14.
g4 Nd7 15. Na4 Qc7 16. Bc4 Bxc4 17. Qxc4 Nb6 18. Nxb6 axb6 19. Qc3 Bf8 20.
g5 b5 21. a3 Qb7 22. h4 c5 23. g6 fxg6 24. h5 g5 25. h6 g6 26. Rdf1 b4 27.
axb4 cxb4 28. Qc4+ Qf7 29. Qxb4 d5 30. Qd2 Qa7 31. Qxg5 Qa2+ 32. Kc1 Ba3
33. Bxa3 Qxa3+ 34. Kd2 dxe4+ 35. Ke2 Qc5 36. Rc1 exf3+ 37. Kf1 Rf8 38. Rh4
Rf5 39. Qd2 e4 40. c4 e3 41. Qd4 Qxd4 42. Rxd4 Ra2 0-1